| 000 | 00556nam a22002057a 4500 | ||
|---|---|---|---|
| 003 | NUST-PNEC | ||
| 005 | 20170116180850.0 | ||
| 008 | 140426b xxu||||| |||| 00| 0 eng d | ||
| 020 | _a0071162046 | ||
| 040 | _cPNEC | ||
| 082 | _a620.0042 DIE | ||
| 100 |
_953 _aDieter, George E. |
||
| 245 |
_aEngineerijng design: _bA material and processing approach _cGeorge E. Dieter |
||
| 250 | _a3rd ed. | ||
| 260 |
_aBoston _bMcGraw Hill _cc.2000 |
||
| 300 |
_axviii, 798 p . : _bill. : _c25 cm. |
||
| 500 | _aIncludes index. | ||
| 650 | _xME | ||
| 942 |
_2ddc _cBK |
||
| 999 |
_c64565 _d64565 |
||